New frontiers in applied data mining / (رقم التسجيلة. 13966)

تفاصيل مارك
000 -الفاتح
حقل البيانات ثابتة الطول 02205cam a2200409 a 4500
001 - رقم الضبط
رقم الضبط 7919962
003 - محدد رقم الضبط
رقم الضبط OSt
005 - وقت وتاريخ اخر تعامل مع التسجيلة
رقم الضبط 20150408113915.0
006 - عناصر البيانات ثابتة الطول - خصائص المادة الاضافية-معلومات عامة
حقل البيانات ثابتة الطول m d
007 - الحقل الثابت للوصف المادى- معلومات عامة
حقل البيانات ثابتة الطول cr n
008 - عناصر البيانات ثابتة الطول - معلومات عامة
حقل البيانات ثابتة الطول 110828s2009 gw a f b 10| 0 eng d
020 ## - الرقم الدولى المعيارى للكتب
الرقم الدولى المعيارى للكتاب 9783642003981 (pbk.)
020 ## - الرقم الدولى المعيارى للكتب
الرقم الدولى المعيارى للكتاب 3642003982
035 ## - رقم ضبط النظام
رقم ضبط النظام (WaSeSS)ssj0000319170
040 ## - مصدر الفهرسة
وكالة الفهرسة الأصلية BTCTA
وكالة النسخ دار اجنادين
وكالة التعديل OHX
-- ZCU
-- YDXCP
-- DLC
-- WaSeSS
082 ## - رقم تصنيف ديوى العشرى
رقم الطبعة 21
رقم التصنيف 006.3
رقم المادة N E W
210 10 - العنوان المختصر
العنوان المختصر New frontiers in applied data mining
245 00 - بيان العنوان
العنوان New frontiers in applied data mining /
بقية العنوان PAKDD 2008 International Workshops, Osaka, Japan, May 20-23, 2008 : revised selected papers /
بيان المسئوليه,etc Sanjay Chawla ... [et al.], eds.
260 ## - PUBLICATION, DISTRIBUTION, ETC. (IMPRINT)
مكان الناشر او الموزع Berlin :
اسم الناشر او الموزع Springer,
تاريخ النشر أو التوزيع c2009.
300 ## - الوصف المادى
التعداد xiv, 212 p. :
تفاصيل ماديه اخرى للوعاء ill. ;
أبعاد الوعاء 24 cm.
490 1# - بيان السلسلة
عنوان السلسلة Lecture notes in computer science,
الرقم الدولى المعيارى للدوريات 0302-9743 ;
رقم المجلد/ التعيين التسلسلي 5433.
عنوان السلسلة Lecture notes in artificial intelligence
490 1# - بيان السلسلة
عنوان السلسلة LNCS sublibrary. SL 7, Artificial intelligence
500 ## - تبصرة عامة
تبصرة عامة Papers from three workshops held in conjunction with the 12th Pacific-Asia Conference on Knowledge Discovery and Data Mining: International Workshop on Algorithms for Large-Scale Information Processing in Knowledge Discovery (ALSIP 2008); Workshop on Data Mining for Decision Making and Risk Management; International Workshop on Interactive Data Mining (IDM08).
504 ## - تبصرة ببليوجرافية
تبصرة ببليوجرافية,الخ Includes bibliographical references and index.
506 ## - تبصرة قيود الاتاحة
قيود الإتاحة License restrictions may limit access.
650 #0 - المدخل الاضافى بالموضوع-مصطلح موضوعى
مصطلح موضوعي أو اسم جغرافي كعنصر مدخل Data mining
التقسيم الفرعي الشكلي Congresses.
9 (RLIN) 3423
650 #0 - المدخل الاضافى بالموضوع-مصطلح موضوعى
مصطلح موضوعي أو اسم جغرافي كعنصر مدخل Knowledge management
التقسيم الفرعي الشكلي Congresses.
9 (RLIN) 3566
700 1# - المدخل الاضافى - اسم شخصى
الإسم الشخصى Chawla, Sanjay.
9 (RLIN) 3567
711 2# - المدخل الاضافى -عنوان مؤتمر
اسم المؤتمر أو اسم السلطة كمدخل Pacific-Asia Conference on Knowledge Discovery and Data Mining
رقم جزء/قسم/الاجتماع (12th :
تاريخ الاجتماع 2008 :
موقع المؤتمر Osaka, Japan)
9 (RLIN) 3568
773 #0 - مدخل المادة المضيفة
العنوان SpringerLink ebooks - Computer Science (2009)
830 #0 - المدخل الاضافى بالسلسلة -عنوان موحد
عنوان موحد Lecture notes in computer science ;
رقم المجلد/ التعيين التسلسلي 5433
9 (RLIN) 3569
830 #0 - المدخل الاضافى بالسلسلة -عنوان موحد
عنوان موحد Lecture notes in computer science.
اسم جزء/قسم العمل Lecture notes in artificial intelligence.
830 #0 - المدخل الاضافى بالسلسلة -عنوان موحد
عنوان موحد LNCS sublibrary.
رقم الجزء/قسم العمل SL 7,
اسم جزء/قسم العمل Artificial intelligence.
9 (RLIN) 3455
856 40 - الوصول و الموقع الالكترونى
معرف المصدر الموحد <a href="http://www.columbia.edu/cgi-bin/cul/resolve?clio7919962">http://www.columbia.edu/cgi-bin/cul/resolve?clio7919962</a>
تبصرة عامة Full text available from SpringerLink ebooks - Computer Science (2009)
910 ## - بيانات اختيارية للمستخدم
User-option data Library of Congress record
942 ## - عناصر المدخل الإضافي( كوها)
مصدر التصنيف او مخطط الترفيف Dewey Decimal Classification
Koha [default] item type DVD
المقتنيات
حالة الفقد نموذج السعر الفعال حالة تلف ليس للاعارة رقم الطلب تاريخ الاكتساب الموقع الحالي الباركود الفرع الرئيسي Date last checked out Date last seen نوع المادة فى نظام كوها مصدر التصنيف او خطة الترفيف Total Checkouts
  2013-03-10     006.3 N E W 2011-08-28 قسم الاجراءات الفنية (IC) 00102019 قسم الاجراءات الفنية (IC) 2014-11-10 2014-11-17 كتاب Dewey Decimal Classification 1
  2013-03-10     006.3 N E W 2011-08-28 قسم الاجراءات الفنية (IC) 00102018 قسم الاجراءات الفنية (IC) 2014-11-10 2014-12-02 كتاب Dewey Decimal Classification 1